| 000 | 00361nam a22001337a 4500 | ||
|---|---|---|---|
| 003 | LRUA | ||
| 005 | 20231107211827.0 | ||
| 008 | 231107b xxu||||| |||| 00| 0 eng d | ||
| 040 | _cDLC | ||
| 082 | _2FAO EVA 1993 C011 Or. | ||
| 245 | _aEVALUATION OF LIVELIHOOD TECHNICAL PACKAGES FOR SUSTAINABLE LIVELIHOOD ACTIVITIES | ||
| 300 | _aIV.106P | ||
| 942 |
_2ddc _cAEDBB |
||
| 999 |
_c22147 _d22147 |
||